<?xml version="1.0" encoding="UTF-8"?>
<record
    xmlns:xsi="http://www.w3.org/2001/XMLSchema-instance"
    xsi:schemaLocation="http://www.loc.gov/MARC21/slim http://www.loc.gov/standards/marcxml/schema/MARC21slim.xsd"
    xmlns="http://www.loc.gov/MARC21/slim">

  <leader>02339nam a22002897a 4500</leader>
  <controlfield tag="005">20260411113309.0</controlfield>
  <controlfield tag="008">260411b        |||||||| |||| 00| 0 eng d</controlfield>
  <datafield tag="020" ind1=" " ind2=" ">
    <subfield code="a">9788126560431</subfield>
  </datafield>
  <datafield tag="040" ind1=" " ind2=" ">
    <subfield code="c">AL</subfield>
  </datafield>
  <datafield tag="041" ind1=" " ind2=" ">
    <subfield code="a">eng</subfield>
  </datafield>
  <datafield tag="082" ind1=" " ind2=" ">
    <subfield code="a">621.3192</subfield>
    <subfield code="b">ARIP</subfield>
  </datafield>
  <datafield tag="100" ind1=" " ind2=" ">
    <subfield code="a">Jos Arrillaga </subfield>
    <subfield code="9">261484</subfield>
  </datafield>
  <datafield tag="245" ind1=" " ind2=" ">
    <subfield code="a">Power system harmonics Ed 2</subfield>
  </datafield>
  <datafield tag="250" ind1=" " ind2=" ">
    <subfield code="a">2</subfield>
  </datafield>
  <datafield tag="260" ind1=" " ind2=" ">
    <subfield code="a">Delhi</subfield>
    <subfield code="b">Wiley</subfield>
    <subfield code="c">2016</subfield>
  </datafield>
  <datafield tag="300" ind1=" " ind2=" ">
    <subfield code="a">x,399p</subfield>
    <subfield code="b">PB</subfield>
    <subfield code="c">23.5x18.5cm</subfield>
  </datafield>
  <datafield tag="365" ind1=" " ind2=" ">
    <subfield code="2">Electronics and Communication Engineering</subfield>
    <subfield code="a">VBI-2645</subfield>
    <subfield code="b">&#x20B9;746.25</subfield>
    <subfield code="c">&#x20B9;</subfield>
    <subfield code="d">&#x20B9;995.00</subfield>
    <subfield code="e">25%</subfield>
    <subfield code="f">20-02-2026</subfield>
  </datafield>
  <datafield tag="520" ind1=" " ind2=" ">
    <subfield code="a">Harmonic distortion problems include equipment overheating, motor failures, capacitor failure and inaccurate power metering. The topic of power system harmonics was covered for the first time 20 years ago and the first edition has become a standard reference work in this area. Unprecedented developments in power electronic devices and their integration at all levels in the power system require a new look at the causes and effects of these problems, and the state of hardware and software available for harmonic assessment.
Following the successful first edition, this second edition of Power System Harmonics maintains the practical approach to the subject and discusses the impact of advanced power electronic technology on instrumentation, simulation, standards and active harmonic elimination techniques.
Features include:
A new chapter on modern digital instrumentation techniques.
Added sections on active filters and modern distorting devices such as FACTS devices, multilevel conversion, current source, voltage source inverters and turn-OFF-related power electronic devices.
References to international standards for harmonics and inter-harmonics.
Numerical examples of technique application.
Offering a comprehensive understanding of power systems, this book is an asset to power engineers involved in the planning, design and operation of power system generation, transmission and distribution. Researchers and postgraduate students in the field will also benefit from this useful reference.</subfield>
  </datafield>
  <datafield tag="650" ind1=" " ind2=" ">
    <subfield code="a">Harmonic Analysis</subfield>
    <subfield code="9">261472</subfield>
  </datafield>
  <datafield tag="650" ind1=" " ind2=" ">
    <subfield code="a">Elimination</subfield>
    <subfield code="9">261473</subfield>
  </datafield>
  <datafield tag="650" ind1=" " ind2=" ">
    <subfield code="a">Flows</subfield>
    <subfield code="9">261474</subfield>
  </datafield>
  <datafield tag="650" ind1=" " ind2=" ">
    <subfield code="a">Assessment</subfield>
    <subfield code="9">261475</subfield>
  </datafield>
  <datafield tag="650" ind1=" " ind2=" ">
    <subfield code="a">Monitoring</subfield>
    <subfield code="9">261476</subfield>
  </datafield>
  <datafield tag="700" ind1=" " ind2=" ">
    <subfield code="a">Arrillaga, Jos</subfield>
    <subfield code="9">261477</subfield>
  </datafield>
  <datafield tag="700" ind1=" " ind2=" ">
    <subfield code="a">Watson, Neville R</subfield>
    <subfield code="9">261478</subfield>
  </datafield>
  <datafield tag="942" ind1=" " ind2=" ">
    <subfield code="2">ddc</subfield>
    <subfield code="c">BK</subfield>
  </datafield>
  <datafield tag="999" ind1=" " ind2=" ">
    <subfield code="c">241229</subfield>
    <subfield code="d">241229</subfield>
  </datafield>
  <datafield tag="952" ind1=" " ind2=" ">
    <subfield code="0">0</subfield>
    <subfield code="1">0</subfield>
    <subfield code="2">ddc</subfield>
    <subfield code="4">0</subfield>
    <subfield code="7">0</subfield>
    <subfield code="8">ECE </subfield>
    <subfield code="a">SE</subfield>
    <subfield code="b">SE</subfield>
    <subfield code="d">2026-04-10</subfield>
    <subfield code="e">Vidyarthi Books, Bengaluru-560076</subfield>
    <subfield code="g">746.25</subfield>
    <subfield code="l">0</subfield>
    <subfield code="o">621.3192 ARIP</subfield>
    <subfield code="p">SE000494</subfield>
    <subfield code="r">2026-04-11 10:42:30</subfield>
    <subfield code="v">995.00</subfield>
    <subfield code="w">2026-02-20</subfield>
    <subfield code="y">BK</subfield>
  </datafield>
</record>
